Records Management Practices of Metropolitan Manila Development Authority (MMDA) Towards Effective Implementation/ (Record no. 77693)
[ view plain ]
| 000 -LEADER | |
|---|---|
| fixed length control field | 01966nam a22002417a 4500 |
| 003 - CONTROL NUMBER IDENTIFIER | |
| control field | URS |
| 005 - DATE AND TIME OF LATEST TRANSACTION | |
| control field | 20240416181802.0 |
| 008 - FIXED-LENGTH DATA ELEMENTS--GENERAL INFORMATION | |
| fixed length control field | 240126b |||||||| |||| 00| 0 eng d |
| 050 00 - LIBRARY OF CONGRESS CALL NUMBER | |
| Classification number | LG 221.R59 D648 |
| Item number | 2022 |
| 100 1# - MAIN ENTRY--PERSONAL NAME | |
| Personal name | Dizon, Jane S. |
| Relator term | Researcher |
| 245 10 - TITLE STATEMENT | |
| Title | Records Management Practices of Metropolitan Manila Development Authority (MMDA) Towards Effective Implementation/ |
| Statement of responsibility, etc. | Jane S. Dizon |
| 260 #1 - PUBLICATION, DISTRIBUTION, ETC. | |
| Date of publication, distribution, etc. | 2022 |
| 300 ## - PHYSICAL DESCRIPTION | |
| Extent | xii, 85 leaves |
| Other physical details | illustration |
| Dimensions | 28 cm |
| 336 ## - CONTENT TYPE | |
| Source | rda content |
| Content type term | text |
| 337 ## - MEDIA TYPE | |
| Source | rda media |
| Media type term | unmediated |
| 338 ## - CARRIER TYPE | |
| Source | rda carrier |
| Carrier type term | volume |
| 502 ## - DISSERTATION NOTE | |
| Dissertation note | GSTHESIS |
| Degree type | Master in Public Administration |
| Name of granting institution | University of Rizal System, Rodriguez, Rizal |
| 520 ## - SUMMARY, ETC. | |
| Summary, etc. | This study was conducted during C.Y. 2021-2022 to assess the Records Management Practices of Metropolitan Manila Development Authority (MMDA) towards Effective Implementation. The study was focused on 102 respondents for the quantitative approach and 10 participants for qualitative, Qualitative approach used phenomenological design and quantitative approach used descriptive survey of which results have been supported by participants' view. The researcher developed interview guide and adopted a questionnaire checklist which was validated by the experts as to language and relevance before gathering the needed data. From the gathered data, the following findings are hereby summarized: As for Records Management Practices in terms of records creation and validation (M=4.29), the agency has adopted significant measures to handle records, however, the agency has yet to improve particularly its resources to maintain, secure and protect documents. On records maintenance and use (M=4.08), the system assures the public that record keeping is not a task for compliance. |
| 650 ## - SUBJECT ADDED ENTRY--TOPICAL TERM | |
| Source of heading or term | Management practices of MMDA |
| 700 ## - ADDED ENTRY--PERSONAL NAME | |
| Personal name | Inarda, Analyn V. |
| Relator term | Adviser |
| 856 ## - ELECTRONIC LOCATION AND ACCESS | |
| Materials specified | Online Request for Student Unpublished Works |
| Uniform Resource Identifier | <a href="https://forms.gle/7LqvGGkaDrUQqz429">https://forms.gle/7LqvGGkaDrUQqz429</a> |
| 942 ## - ADDED ENTRY ELEMENTS (KOHA) | |
| Source of classification or shelving scheme | Library of Congress Classification |
| Koha item type | Theses and dissertations |
No items available.